000 01185nam0a22002531 4500
001 rc\158572
005 20260407042720.0
035 _a(NLR Aleph) 005424688
090 _a7513169
_c7513169
100 _a20030307d1992 |||y0rusy50 ca
101 0 _arus
102 _aRU
105 _ay |||||||||
200 1 _aМетодологические основы проектирования интенсивных технологий профессионального обучения
_eСб. науч. тр.
_fАПН СССР. НИИ проф.-техн. образования
_g[Редкол.: А.П. Беляева (отв. ред.) и др.]
210 _aСПб.
_cНИИпрофтехобразования
_d1992
215 _a79, [2] с.
_d22
_eПрил. (1 л. схем.)
320 _aБиблиогр. в конце ст.
702 1 _aБеляева
_bА.П.
_gАнтонина Павловна
_4340
712 0 2 _aНИИ профессионально-технического образования
_cСанкт-Петербург
_3RU\NLR\AUTH\8810015009
_9527888
801 0 _aRU
_bNLR
_gpsbo
801 1 _aRU
_bELAR
_2rusmarc
852 _aNLR
_j92-6/307
942 _cBOOK
980 _aNB